000 00955nam a22002532 4500
001 0000007217
005 20151021151112.0
008 071201s xx 000 0 eng d
020 _a9966977201 :
_cKES
040 _aKABU
_cKABU
111 2 _aAfrican Forum for Envisioning Africa
_cNairobi :
_d2002 :
_n2nd.
_@0000158361
245 1 0 _aNEPAD :
_ba new path? /
_ced. by Peter Anyang' Nyongo, Aseghedech Ghirmazion, Davinder Lamba.
260 _aNairobi :
_bHeinrich Boll Foundation,
_c2002.
300 _aviii, 350 p.
650 0 _aNew Partnership for Africa's Development.
_@0000158362
650 0 _aAfrica
_bEconomic policy.
_@0000158363
650 0 _aAfrica
_bForeign economic relations.
_@0000158364
700 1 _aNyongo, Peter Anyang'.
_@0000158365
700 1 _aGhirmazion, Aseghedech.
_@0000158366
700 1 _aLamba, Davinder.
_@0000158367
908 _a071201
950 _@1
999 _c706
_d706